00658nam a2200205Ia 4500008004100000041001200041082001200053100006800065245006600133260003400199300000800233365000800241520001500249520001400264546001200278630006600290650001500356655001500371730006600386101110s9999 xx 000 0 und d aENGLISH bSR32278 aBaron Robert A., Branscombe Nyla R., Byrne Donn , Bhardwaj Gopa aSocial psychology 12th edition (for the university of Mumbai) c2010bPearson Education,Noida a458 b375 aPsychology aWith 1 CD aENGLISH aSocial psychology 12th edition (for the university of Mumbai) aPsychology aPsychology aSocial psychology 12th edition (for the university of Mumbai)